| 000 | 01270pam a2200313 a 4500 | ||
|---|---|---|---|
| 001 | 4854045 | ||
| 003 | PILC | ||
| 005 | 20150828071351.0 | ||
| 008 | 911118s1992 nyuab bd 000 0 eng | ||
| 010 | _a 91050972 | ||
| 020 |
_a0679741135 (pbk.) : _c$10.00 ($12.50 Canada) |
||
| 040 |
_aDLC _cDLC _dDLC |
||
| 050 | 0 | 0 |
_aPN 6162 _b.B372 1992 |
| 082 | 0 | 0 | _a818/.5402 |
| 100 | 1 | _aBeard, Henry. | |
| 245 | 1 | 4 |
_aThe official politically correct dictionary and handbook / _cHenry Beard and Christopher Cerf ; designed by Robert Bull Design ; contributing illustrators, Lauren Attinello and Tom Brannon. |
| 260 |
_aNew York : _bVillard Books, _c1992. |
||
| 300 |
_axiii, 176 pages : _billustrations ; _c21 cm. |
||
| 500 | _aIncludes bibliographical references. | ||
| 650 | 0 | _aAmerican wit and humor. | |
| 650 | 0 |
_aEuphemism _xHumor. |
|
| 650 | 0 |
_aLanguage and culture _xHumor. |
|
| 650 | 0 |
_aPolitical correctness _xHumor. |
|
| 700 | 1 | _aCerf, Christopher. | |
| 856 | 4 | 2 |
_3Publisher description _uhttp://www.loc.gov/catdir/description/random048/91050972.html |
| 906 |
_a7 _bcbc _corignew _d1 _eocip _f19 _gy-gencatlg |
||
| 942 |
_2lcc _cBK _kFOR |
||
| 999 |
_c288553 _d288553 |
||